"Destacen ustedes dos". Práctica e ideología del fraude electoral en la Costa Rica de 1928/
محفوظ في:
| المؤلف الرئيسي: | |
|---|---|
| مؤلفون آخرون: | |
| التنسيق: | نص |
| اللغة: | Spanish |
| منشور في: |
Managua, Nicaragua
UCA. IHNCA
1998
|
| الموضوعات: | |
| الوسوم: |
إضافة وسم
لا توجد وسوم, كن أول من يضع وسما على هذه التسجيلة!
|
MARC
| LEADER | 00000 a a2200000 04500 | ||
|---|---|---|---|
| 001 | 29148 | ||
| 003 | cruCIDCACS/IIS | ||
| 005 | 20230323170720.0 | ||
| 008 | 230323b1998 nq ||||| |||| 00| 0 spa d | ||
| 020 | |a 84-921863-1-3 | ||
| 040 | |c cruCIDCACS/IIS | ||
| 090 | |a 05.03.02 V269m | ||
| 100 | 1 | |a Molina Jiménez, Iván |9 1957 | |
| 245 | |a "Destacen ustedes dos". |b Práctica e ideología del fraude electoral en la Costa Rica de 1928/ |c Iván Molina Jiménez | ||
| 260 | |a Managua, Nicaragua |b UCA. IHNCA |c 1998 | ||
| 300 | |a páginas 95-108 |b ilustrado | ||
| 650 | 0 | |a SISTEMAS ELECTORALES |9 2174 | |
| 650 | 0 | |a CORRUPCION POLITICA |9 7936 | |
| 650 | |a DERECHO CONSTITUCIONAL | ||
| 650 | 0 | |a EMPRESARIOS |9 3811 | |
| 650 | 0 | |a IDEOLOGIAS POLITICAS |9 1855 | |
| 700 | |a ed. |a Kinloch, Frances |a ed. | ||
| 942 | |2 z |c LI | ||
| 999 | |c 7909 |d 7909 | ||



